000 00509nam a22001697a 4500
999 _c15714
_d15714
003 OSt
082 _a664
_bANU/D
088 _aP 447
100 _aAnusha K George
_94234
100 _aFairoosa K
_94235
100 _aFathima Thasneem S A
_94236
100 _aSurya Rajan
_94237
245 _aDevelopment and Evaluation of avacuum fried jackfruit chips (Artocarpus heterophylluS)
260 _aTavanur
_bDepartment of Processing and Food Engineering
_c2019
700 _aRajesh G K ( Guide)
_93236
942 _cPR